Proceedings ISCA 2008 35 th International Symposium on Computer Architecture

Salvato in:
Dettagli Bibliografici
Natura: Libro
Lingua:inglese
Pubblicazione: Beijing, China Conference Publishing Services (CPS) June, 2008
Tags: Aggiungi Tag
Nessun Tag, puoi essere il primo ad aggiungerne!!

MARC

LEADER 00000nam a22000003a 4500
001 0094595
003 SK-STU
005 20220328150801.7
007 ta
008 220328s ----xo-----e------100-0-----d
020 |a 1063-6897 
040 |a STU  |b slo 
041 0 |a eng 
044 |a cc 
245 1 0 |a Proceedings ISCA 2008  |b 35 th International Symposium on Computer Architecture 
260 |a Beijing, China  |b Conference Publishing Services (CPS)  |c June, 2008 
300 |a 466 s. 
996 |c I*Z6831  |l I  |s A  |a 24  |w 0094595_0001